[Event "Niedersachsen-ch B"]
[Site "Verden"]
[Date "2010.01.04"]
[Round "3.54"]
[White "Langer, Michael S"]
[Black "Oelfke, Nils Lukas"]
[Result "1/2-1/2"]
[WhiteElo "1986"]
[BlackElo "1240"]
[PlyCount "58"]
[EventDate "2010.01.??"]
[EventType "swiss"]
[EventRounds "7"]
[EventCountry "GER"]
[SourceDate "2005.10.24"]

1. c4 c5 2. Nf3 Nf6 3. d4 cxd4 4. Nxd4 Nc6 5. Nc3 g6 6. e4 Nxd4 7. Qxd4 d6 8.
Be2 Bg7 9. O-O O-O 10. Qd3 Be6 11. Nd5 Nxd5 12. cxd5 Bd7 13. Qb3 Rb8 14. Be3
Qa5 15. Rac1 b5 16. Qa3 Qxa3 17. bxa3 Rb7 18. Rc2 Rc8 19. Rfc1 Rxc2 20. Rxc2 a6
21. f3 Kf8 22. Kf2 h5 23. Ke1 Ke8 24. Kd2 Kd8 25. Bd3 a5 26. Ke1 a4 27. Kd1 h4
28. Bf1 Be5 29. f4 Bf6 1/2-1/2

[Event "Niedersachsen-ch B"]
[Site "Verden"]
[Date "2010.01.04"]
[Round "3.55"]
[White "Sieber, Fiona"]
[Black "Kuenitz, Bernhard"]
[Result "0-1"]
[WhiteElo "1285"]
[BlackElo "1920"]
[PlyCount "92"]
[EventDate "2010.01.??"]
[EventType "swiss"]
[EventRounds "7"]
[EventCountry "GER"]
[SourceDate "2005.10.24"]

1. e4 e5 2. Nf3 Nc6 3. Bc4 Bc5 4. c3 h6 5. d4 exd4 6. cxd4 Bb4+ 7. Bd2 Bxd2+ 8.
Nbxd2 Nge7 9. O-O d6 10. h3 O-O 11. Nb3 Ng6 12. Nfd2 a5 13. a4 Kh8 14. f4 f5
15. Qh5 Nce7 16. e5 b6 17. Rad1 Bd7 18. Nf3 Nxf4 19. Qh4 Neg6 20. Qe1 Bxa4 21.
d5 b5 22. Be2 Bxb3 23. Rc1 Nxe2+ 24. Qxe2 Bc4 25. Qc2 Bxf1 26. Kxf1 Nxe5 27.
Nxe5 dxe5 28. Qc6 Qh4 29. Qc2 Rad8 30. Rd1 Qc4+ 31. Qxc4 bxc4 32. Ke1 Rd6 33.
Rd2 c6 34. Rc2 cxd5 35. Kd2 Rb8 36. Kc1 Rb3 37. Kd1 e4 38. Rc1 e3 39. g4 fxg4
40. Ke2 gxh3 41. Rf1 Rf6 42. Rxf6 gxf6 43. Ke1 Rxb2 44. Kd1 h2 45. Kc1 c3 46.
Kd1 h1=R# 0-1

[Event "Niedersachsen-ch B"]
[Site "Verden"]
[Date "2010.01.04"]
[Round "3.56"]
[White "Rosin, Julius"]
[Black "Celik, Abdullah"]
[Result "0-1"]
[WhiteElo "1247"]
[BlackElo "1793"]
[PlyCount "76"]
[EventDate "2010.01.??"]
[EventType "swiss"]
[EventRounds "7"]
[EventCountry "GER"]
[SourceDate "2005.10.24"]

1. e4 c5 2. Nc3 Nc6 3. f4 e6 4. Nf3 d5 5. d3 Nf6 6. g3 Be7 7. Bg2 dxe4 8. dxe4
Qxd1+ 9. Kxd1 a6 10. a4 Bd7 11. Be3 O-O-O 12. Ke2 Nb4 13. Rac1 Bc6 14. Ne5 Be8
15. Rhd1 Nd7 16. Nd3 Nc6 17. b3 f6 18. Rd2 Bf7 19. Rcd1 e5 20. f5 Bh5+ 21. Bf3
Nd4+ 22. Bxd4 cxd4 23. Nd5 Bxf3+ 24. Kxf3 Bc5 25. Nxc5 Nxc5 26. Nb4 Kb8 27. Rc1
Rc8 28. Rdd1 Rhd8 29. Nd3 Rd7 30. Ke2 Nxe4 31. Nf2 Nc3+ 32. Kd3 Nxd1 33. Rxd1
Rc3+ 34. Kd2 Rdc7 35. Rc1 Rf3 36. Ke2 Rxb3 37. Nd3 Ra3 38. Nb2 Ra2 0-1

[Event "Niedersachsen-ch B"]
[Site "Verden"]
[Date "2010.01.04"]
[Round "3.57"]
[White "Hartogh, Theo"]
[Black "Rau, Nikita"]
[Result "1-0"]
[WhiteElo "1833"]
[BlackElo "1238"]
[PlyCount "87"]
[EventDate "2010.01.??"]
[EventType "swiss"]
[EventRounds "7"]
[EventCountry "GER"]
[SourceDate "2005.10.24"]

1. c4 Nf6 2. g3 g6 3. Bg2 Bg7 4. Nc3 d6 5. d4 Nbd7 6. e4 O-O 7. Nge2 c5 8. d5
a6 9. O-O Rb8 10. a4 Ne8 11. Be3 Nc7 12. a5 b5 13. axb6 Nxb6 14. b3 Bd7 15. Qd2
Re8 16. Bh6 Bh8 17. h4 f5 18. h5 Bf6 19. hxg6 hxg6 20. Bg5 Kf7 21. Bxf6 exf6
22. Bf3 Rh8 23. Kg2 fxe4 24. Nxe4 Bh3+ 25. Kg1 Bxf1 26. Kxf1 g5 27. g4 Qe7 28.
N2g3 Qe5 29. Re1 Qf4 30. Qxf4 gxf4 31. Nxd6+ Kf8 32. Nh5 Nd7 33. Nxf4 Rg8 34.
Ne6+ Nxe6 35. dxe6 Ne5 36. Bd1 Ke7 37. Nf5+ Ke8 38. f4 Nd3 39. Re3 Rd8 40. Re4
Nxf4 41. Bf3 Ng6 42. e7 Rd7 43. Re6 Nxe7 44. Bc6 1-0

[Event "Niedersachsen-ch B"]
[Site "Verden"]
[Date "2010.01.04"]
[Round "3.58"]
[White "Raetzke von Stoyentin, Steffen"]
[Black "Kessens, Felix Magnus"]
[Result "0-1"]
[WhiteElo "1240"]
[BlackElo "1782"]
[PlyCount "118"]
[EventDate "2010.01.??"]
[EventType "swiss"]
[EventRounds "7"]
[EventCountry "GER"]
[SourceDate "2005.10.24"]

1. Nf3 Nf6 2. d4 b6 3. c4 Bb7 4. Nc3 e6 5. Bg5 h6 6. Bh4 Bb4 7. a3 Bxc3+ 8.
bxc3 d6 9. e3 Nbd7 10. Bd3 Qe7 11. O-O g5 12. Bg3 g4 13. Nd2 h5 14. Bh4 O-O-O
15. Be4 d5 16. cxd5 Bxd5 17. Bxd5 exd5 18. Qa4 Kb8 19. Qc6 Qe6 20. Qxe6 fxe6
21. Rab1 Rdg8 22. f3 Rg6 23. Rbe1 Rhg8 24. Re2 Ne8 25. e4 Ndf6 26. e5 Nd7 27.
f4 Ng7 28. Bg5 Nf5 29. Rff2 Nf8 30. g3 R6g7 31. Bf6 Rh7 32. Bh4 Nxh4 33. gxh4
Ng6 34. c4 c6 35. cxd5 cxd5 36. f5 exf5 37. Rxf5 Nxh4 38. Rf6 Nf3+ 39. Kh1 Nxd4
40. Ref2 Re8 41. Rf8 Rhe7 42. R8f4 Nc6 43. Rf5 Rxe5 44. Rxe5 Rxe5 45. Rf1 Re3
46. Nb1 h4 47. Kg1 Ne5 48. Rd1 Rb3 49. Kf2 Rb2+ 50. Kg1 Nf3+ 51. Kf1 Nxh2+ 52.
Kg1 Nf3+ 53. Kf1 h3 54. Nc3 h2 55. Ne2 h1=Q+ 56. Kf2 Qh2+ 57. Ke3 Rxe2+ 58. Kd3
Rd2+ 59. Rxd2 Qxd2# 0-1

[Event "Niedersachsen-ch B"]
[Site "Verden"]
[Date "2010.01.04"]
[Round "3.59"]
[White "Palmer, Harald"]
[Black "Guenther, Alexander"]
[Result "1-0"]
[WhiteElo "1878"]
[BlackElo "1114"]
[PlyCount "117"]
[EventDate "2010.01.??"]
[EventType "swiss"]
[EventRounds "7"]
[EventCountry "GER"]
[SourceDate "2005.10.24"]

1. e4 c5 2. Nf3 Nc6 3. d4 cxd4 4. Nxd4 e5 5. Nb5 d6 6. N1c3 {
Die Notation Sbc3 hilft hier nicht weiter.} a6 7. Na3 Be6 8. Nd5 Nf6 9. Nxf6+
Qxf6 10. c3 Qg6 11. f3 Be7 12. Be3 O-O 13. Qd2 f5 14. exf5 Qxf5 15. Be2 e4 16.
f4 Bh4+ 17. g3 Be7 18. Nc4 d5 19. g4 Bh4+ 20. Kd1 Qf7 21. Ne5 Nxe5 22. fxe5 Qg6
23. Kc2 Rad8 24. Raf1 Rxf1 25. Rxf1 Bxg4 26. Rg1 h5 27. h3 d4 28. Bxd4 e3+ 29.
Qd3 Qxd3+ 30. Kxd3 Bxe2+ 31. Kxe2 Bf2 32. Rg5 h4 33. Bxe3 Bxe3 34. Kxe3 Kf7 35.
Rh5 Rd5 36. Ke4 Ke6 37. Rg5 Ra5 38. a3 Ra4+ {(=)} 39. Ke3 Kd5 40. Rxg7 Re4+ 41.
Kd3 Rxe5 42. Rxb7 Kc6 43. Rb4 Rd5+ 44. Rd4 Rxd4+ 45. Kxd4 Kb5 46. b3 a5 47. c4+
Kb6 48. Kd5 Ka6 49. Kc6 Ka7 50. c5 Kb8 51. Kd7 Kb7 52. c6+ Kb6 53. c7 a4 54.
bxa4 Ka6 55. c8=Q+ Ka7 56. Qc5+ Kb8 57. Qb5+ Ka7 58. Kc7 Ka8 59. Qa6# 1-0

[Event "Niedersachsen-ch B"]
[Site "Verden"]
[Date "2010.01.04"]
[Round "3.60"]
[White "Koch, Yannick"]
[Black "Oehne, Ingo"]
[Result "0-1"]
[WhiteElo "1176"]
[BlackElo "1900"]
[PlyCount "36"]
[EventDate "2010.01.??"]
[EventType "swiss"]
[EventRounds "7"]
[EventCountry "GER"]
[SourceDate "2005.10.24"]

1. d4 d5 2. c4 e5 3. dxe5 d4 4. Nf3 Nc6 5. Bf4 Bg4 6. Nbd2 Qd7 7. h3 Bh5 8. Qb3
b6 9. O-O-O O-O-O 10. Qb5 Bg6 11. Nb3 Qf5 12. e4 Qxf4+ 13. Kb1 Bxe4+ 14. Bd3
Bxd3+ 15. Rxd3 Kb7 16. e6 a6 17. Qh5 g6 18. Qg5 Qe4 0-1

[Event "Niedersachsen-ch B"]
[Site "Verden"]
[Date "2010.01.04"]
[Round "3.61"]
[White "Mai, Robin"]
[Black "Guede, Klaus"]
[Result "0-1"]
[WhiteElo "1152"]
[BlackElo "1764"]
[PlyCount "58"]
[EventDate "2010.01.??"]
[EventType "swiss"]
[EventRounds "7"]
[EventCountry "GER"]
[SourceDate "2005.10.24"]

1. d4 Nf6 2. Nf3 c5 3. c4 e6 4. Bg5 Be7 5. Nc3 cxd4 6. Qxd4 Nc6 7. Qh4 Qa5 8.
a3 d6 9. e3 Bd7 10. Bd3 h6 11. O-O O-O-O 12. Bxf6 Bxf6 13. Qg3 Ne5 14. Be2 Kb8
15. Rfc1 Nxf3+ 16. Bxf3 Be5 17. Qh4 f5 18. Bd1 g5 19. Qh5 g4 20. Qh4 Bc6 21. f4
gxf3 22. Bxf3 Bxf3 23. gxf3 Rdg8+ 24. Kf2 f4 25. exf4 Qc5+ 26. Ke1 Qe3+ 27. Kd1
Qd3+ 28. Ke1 Rg1+ 29. Kf2 Bd4# 0-1

[Event "Niedersachsen-ch B"]
[Site "Verden"]
[Date "2010.01.04"]
[Round "3.62"]
[White "Albrecht, Carsten"]
[Black "Genath, Maren"]
[Result "1-0"]
[WhiteElo "1948"]
[BlackElo "1084"]
[PlyCount "51"]
[EventDate "2010.01.??"]
[EventType "swiss"]
[EventRounds "7"]
[EventCountry "GER"]
[SourceDate "2005.10.24"]

1. d4 d5 2. Nf3 Nc6 3. e3 Bg4 4. Bb5 Nf6 5. Nbd2 e6 6. h3 Bh5 7. g4 Bg6 8. Ne5
Qd6 9. c3 a6 10. Qa4 Nd7 11. Nxc6 Nb6 12. Na5+ c6 13. Bxc6+ bxc6 14. Qxc6+ Qxc6
15. Nxc6 f6 16. Na5 Rb8 17. b3 Rc8 18. Bb2 Bd6 19. Nb7 Be7 {(=)} 20. Rc1 Rc7
21. Nc5 Bxc5 22. dxc5 Rxc5 23. Ke2 O-O 24. Ba3 Rxc3 25. Rxc3 Rd8 26. Rc6 1-0

[Event "Niedersachsen-ch B"]
[Site "Verden"]
[Date "2010.01.04"]
[Round "3.63"]
[White "Laubrock, Paul"]
[Black "Finke, Harald"]
[Result "0-1"]
[WhiteElo "1089"]
[BlackElo "2011"]
[PlyCount "104"]
[EventDate "2010.01.??"]
[EventType "swiss"]
[EventRounds "7"]
[EventCountry "GER"]
[SourceDate "2005.10.24"]

1. e4 g6 2. Nf3 Bg7 3. Nc3 c5 4. Bc4 d6 5. d4 Nc6 6. d5 Nd4 7. Nxd4 Bxd4 8. Qd3
a6 9. Be3 b5 10. Bb3 Bxe3 11. Qxe3 c4 12. Bxc4 bxc4 13. Qd4 Nf6 14. Qxc4 O-O
15. O-O Bd7 16. Rfe1 Qb6 17. b3 Rfc8 18. Qd3 Qc5 19. Re3 Ng4 20. Rg3 Nxf2 21.
Qe3 Qxe3 22. Rxe3 Ng4 23. Rf3 Ne5 24. Rg3 Rc7 25. Re1 Rac8 26. Ree3 h5 27. Ne2
h4 28. Rg5 f6 29. Rxe5 dxe5 30. c4 a5 31. a4 Bxa4 32. bxa4 Rxc4 33. Kf2 Rxa4
34. Nc3 Ra3 35. Nb5 Rxe3 36. Kxe3 Rc5 37. Na7 a4 38. Nc6 Kf8 39. Nb8 Ke8 40.
Nc6 Rxc6 41. dxc6 a3 42. Kd2 a2 43. c7 Kd7 44. Kc2 a1=Q 45. c8=Q+ Kxc8 46. Kb3
Qc1 47. Kb4 Kb7 48. Kb5 Qc3 49. Ka4 Qb2 50. Ka5 Kc6 51. Ka4 Kc5 52. Ka5 Qa3#
0-1

[Event "Niedersachsen-ch B"]
[Site "Verden"]
[Date "2010.01.04"]
[Round "3.64"]
[White "Wierum, Colin"]
[Black "Schreiber, Justina"]
[Result "1-0"]
[WhiteElo "1934"]
[BlackElo "1404"]
[PlyCount "57"]
[EventDate "2010.01.??"]
[EventType "swiss"]
[EventRounds "7"]
[EventCountry "GER"]
[SourceDate "2005.10.24"]

1. c3 d5 2. c4 c6 3. g3 Nf6 4. Bg2 Bf5 5. cxd5 Nxd5 6. Nc3 (6. e4 {
scheitert jetzt woran genau?!}) 6... Nxc3 7. bxc3 e6 8. Nf3 Qc7 9. O-O Nd7 10.
d4 f6 11. Qb3 O-O-O 12. e4 Bxe4 13. Qxe6 Bd5 14. Qf5 Kb8 15. a4 Bd6 16. Rb1
Rde8 17. Nd2 Bxg2 18. Kxg2 g6 19. Qd3 Kc8 20. Nc4 Re7 21. Bd2 Rf8 22. Rb2 Rff7
23. Rfb1 b6 24. Nxd6+ Qxd6 25. Qa6+ Kd8 26. Qxa7 Qb8 27. Qxb8+ Nxb8 28. Rxb6
Nd7 29. Rxc6 1-0

[Event "Niedersachsen-ch B"]
[Site "Verden"]
[Date "2010.01.04"]
[Round "3.65"]
[White "Heyne, Lukas"]
[Black "Gawollek, Hans"]
[Result "1-0"]
[WhiteElo "1810"]
[BlackElo "1468"]
[PlyCount "61"]
[EventDate "2010.01.??"]
[EventType "swiss"]
[EventRounds "7"]
[EventCountry "GER"]
[SourceDate "2005.10.24"]

1. e4 e5 2. Nf3 d6 3. d4 exd4 4. Nxd4 Bd7 5. Nc3 Nc6 6. Be3 Nf6 7. f3 Be7 8.
Qd2 a6 9. O-O-O Nxd4 10. Bxd4 h6 11. g4 Rg8 12. Bg2 Bc6 13. Rhe1 Qd7 14. h3
O-O-O 15. Qf2 b6 16. f4 Kb7 17. Qf1 Ka7 18. Qc4 Qe8 19. e5 d5 20. Qb3 Nd7 21.
Nxd5 Bxd5 22. Bxd5 Rf8 23. Bc6 Nc5 24. Bxc5 Rxd1+ 25. Rxd1 Qxc6 26. Bxe7 Rg8
27. Qxf7 Qa8 28. Bd6 Rc8 29. Bxc7 Qb7 30. Bxb6+ Kxb6 31. Rd6+ 1-0

[Event "Niedersachsen-ch B"]
[Site "Verden"]
[Date "2010.01.04"]
[Round "3.66"]
[White "Franke, Klaus"]
[Black "Wolf, Fritjof"]
[Result "0-1"]
[WhiteElo "1946"]
[BlackElo "1909"]
[PlyCount "52"]
[EventDate "2010.01.??"]
[EventType "swiss"]
[EventRounds "7"]
[EventCountry "GER"]
[SourceDate "2005.10.24"]

1. d4 Nf6 2. Nd2 Nc6 3. Ngf3 d5 4. e3 Bf5 5. c4 e6 6. a3 a5 7. Qb3 Qc8 8. Qa4
Bd6 9. c5 Be7 10. Ne5 O-O 11. Nxc6 bxc6 12. Nf3 Nd7 13. Qxc6 Ra7 14. Bd2 Re8
15. Bb5 Rd8 16. Be2 a4 17. Qb5 Qa8 18. Qb4 Rb8 19. Qc3 Rab7 20. Bc1 Nf6 21. Nd2
c6 22. f3 Bd8 23. e4 dxe4 24. fxe4 Nxe4 25. Qe3 Bg5 26. Qf3 Qa5 0-1

[Event "Niedersachsen-ch B"]
[Site "Verden"]
[Date "2010.01.04"]
[Round "3.67"]
[White "Brandt, Volker"]
[Black "Thumulka, Patrick"]
[Result "0-1"]
[WhiteElo "1322"]
[BlackElo "1892"]
[PlyCount "84"]
[EventDate "2010.01.??"]
[EventType "swiss"]
[EventRounds "7"]
[EventCountry "GER"]
[SourceDate "2005.10.24"]

1. Nf3 d5 2. Rg1 c5 3. g4 Nc6 4. d3 e5 5. Nc3 Be7 6. e4 d4 7. Nd5 Be6 8. Nxe7
Ngxe7 9. Bg5 f6 10. Bd2 g5 11. Nxg5 fxg5 12. Bxg5 Qd7 13. h3 O-O-O 14. a3 Rhg8
15. Bd2 Rdf8 16. b4 cxb4 17. axb4 Kb8 18. b5 Nd8 19. c4 Ng6 20. Bb4 Rf7 21. Qa4
b6 22. c5 Qc7 23. cxb6 Qxb6 24. Ba5 Qb7 25. Qb4 Rd7 26. b6 a6 27. Rc1 Nc6 28.
Qc5 Nxa5 29. Qxa5 Rc8 30. Rc5 Rxc5 31. Qxc5 Qc8 32. Qxc8+ Kxc8 33. Kd2 Rb7 34.
Be2 Rxb6 35. Rc1+ Kb7 36. Rc2 a5 37. Rc5 Rb2+ 38. Ke1 Kb6 39. Rc1 a4 40. Ra1
Ba2 41. Bd1 a3 42. g5 Nf4 0-1

[Event "Niedersachsen-ch B"]
[Site "Verden"]
[Date "2010.01.04"]
[Round "3.68"]
[White "Gottlieb, Timo"]
[Black "Tennert, Simon"]
[Result "0-1"]
[WhiteElo "1257"]
[BlackElo "1993"]
[PlyCount "98"]
[EventDate "2010.01.??"]
[EventType "swiss"]
[EventRounds "7"]
[EventCountry "GER"]
[SourceDate "2005.10.24"]

1. e4 e5 2. Nf3 Nc6 3. Bc4 Bc5 4. O-O Nf6 5. d4 Bxd4 6. Nxd4 Nxd4 7. f4 Nc6 8.
fxe5 Nxe5 9. Na3 h6 10. Bf4 Nxc4 11. Nxc4 O-O 12. Qf3 d5 13. e5 dxc4 14. exf6
Qxf6 15. c3 c6 16. Qg3 Qg6 17. Qxg6 fxg6 18. Rad1 Bf5 19. Be5 Rae8 20. Bd4 Re2
21. Rf2 Rxf2 22. Bxf2 Re8 23. Re1 Rxe1+ 24. Bxe1 {(=)} Kf7 25. Bf2 a5 26. Bd4
g5 27. Kf2 g6 28. a3 Ke6 29. g3 Kd5 30. Bb6 Ke4 31. Ke2 Bg4+ 32. Kf2 a4 33. Kg2
Kd3 34. h3 Bd1 35. Kf2 Kc2 36. Ke1 Bf3 37. Bc5 Kxb2 38. Kd2 h5 39. h4 gxh4 40.
gxh4 Be4 41. Ke3 Bd3 42. Kd2 b6 43. Bxb6 Kxa3 44. Bc5+ Kb2 45. Bb4 a3 46. Bxa3+
Kxa3 47. Kc1 Kb3 48. Kd2 g5 49. hxg5 h4 0-1

[Event "Niedersachsen-ch B"]
[Site "Verden"]
[Date "2010.01.04"]
[Round "3.69"]
[White "Koch, Carsten"]
[Black "Mildner, Ramon"]
[Result "1-0"]
[WhiteElo "1837"]
[BlackElo "919"]
[PlyCount "89"]
[EventDate "2010.01.??"]
[EventType "swiss"]
[EventRounds "7"]
[EventCountry "GER"]
[SourceDate "2005.10.24"]

1. d4 Nf6 2. c4 e5 3. dxe5 Ng4 4. Nf3 d6 5. exd6 Bxd6 6. Nc3 O-O 7. e3 Re8 8.
h3 Nf6 9. Bd3 Nc6 10. a3 Be6 11. Qc2 Bc5 12. O-O a6 13. Rd1 Qe7 14. Ng5 g6 15.
Nxe6 Qxe6 16. b4 Ba7 17. Nd5 Rac8 18. Nxf6+ Qxf6 19. Bb2 Qg5 20. c5 Ne7 21. Qc3
f6 22. Qxf6 Qxf6 23. Bxf6 b6 24. Bxa6 bxc5 25. Bxe7 Rb8 26. Bxc5 Bxc5 27. bxc5
Rb2 28. c6 Rf8 29. Rf1 Kg7 30. Bb7 h6 31. a4 h5 32. a5 h4 33. a6 g5 34. a7 g4
35. a8=Q Rxa8 36. Rxa8 g3 37. Rc8 Kg6 38. Rxc7 Kf5 39. fxg3+ Kg5 40. gxh4+ Kxh4
41. Rg7 Rb3 42. Rf8 Rb1+ 43. Kh2 Rb5 44. Rg4+ Kh5 45. Rh8# 1-0

[Event "Niedersachsen-ch B"]
[Site "Verden"]
[Date "2010.01.04"]
[Round "3.70"]
[White "Grigorian, Satenik"]
[Black "Rux, Roland"]
[Result "0-1"]
[WhiteElo "1082"]
[BlackElo "1828"]
[PlyCount "44"]
[EventDate "2010.01.??"]
[EventType "swiss"]
[EventRounds "7"]
[EventCountry "GER"]
[SourceDate "2005.10.24"]

1. d4 d5 2. Nf3 Bf5 3. Bf4 e6 4. e3 Nf6 5. Nbd2 c5 6. c3 Nc6 7. Bb5 a6 8. Bxc6+
bxc6 9. Ne5 Rc8 10. Qa4 Qb6 11. b3 Qb5 12. Qxb5 cxb5 13. Ndf3 h6 14. h4 Be7 15.
Rg1 Ne4 16. dxc5 Rxc5 17. c4 dxc4 18. Rc1 f6 19. Nxc4 bxc4 20. bxc4 e5 21. Bh2
Be6 22. g4 Rxc4 0-1

[Event "Niedersachsen-ch B"]
[Site "Verden"]
[Date "2010.01.04"]
[Round "3.71"]
[White "Mayen, Paul"]
[Black "Weczerek, Dieter"]
[Result "0-1"]
[WhiteElo "917"]
[BlackElo "1786"]
[PlyCount "34"]
[EventDate "2010.01.??"]
[EventType "swiss"]
[EventRounds "7"]
[EventCountry "GER"]
[SourceDate "2005.10.24"]

1. e4 e6 2. d4 d5 3. Nc3 Nf6 4. Bg5 Be7 5. Bd3 dxe4 6. Bxe4 Nxe4 7. Bxe7 Nxc3
8. bxc3 Qxe7 9. Ne2 O-O 10. O-O c5 11. Qd3 Nc6 12. Rad1 {Oder heißt das Tfd1?}
cxd4 13. cxd4 Rd8 14. Qg3 Bd7 15. c3 Be8 16. Rd2 Qd6 17. Qe3 g6 {Ab hier nicht
mehr nachvollziehbar, da leider auch nur ein Partieformular vorliegt. 22 Züge.}
0-1

[Event "Niedersachsen-ch B"]
[Site "Verden"]
[Date "2010.01.04"]
[Round "3.72"]
[White "Eickelkamp, Jan Hendrik"]
[Black "Cegielka, Michael"]
[Result "1-0"]
[WhiteElo "1928"]
[BlackElo "1065"]
[PlyCount "66"]
[EventDate "2010.01.??"]
[EventType "swiss"]
[EventRounds "7"]
[EventCountry "GER"]
[SourceDate "2005.10.24"]

1. e4 c5 2. Nf3 Nc6 3. Nc3 g6 4. d4 cxd4 5. Nxd4 Bg7 6. Be3 Nf6 7. f3 Qb6 8.
Nf5 Qxb2 9. Nxg7+ Kf8 10. Nf5 Qxc3+ 11. Bd2 Qe5 12. Ng3 Kg7 13. Bd3 d5 14. f4
Qd4 15. exd5 Qxd5 16. O-O Qd4+ 17. Kh1 Bg4 18. Qe1 Rhe8 19. f5 Rh8 20. h3 Bh5
21. Ne4 Nxe4 22. Bxe4 gxf5 23. Bc3 fxe4 24. Bxd4+ Nxd4 25. Qxe4 Rhd8 26. Qe5+
Kf8 27. Qxh5 ({Ist} 27. Qh8# {zuviel verlangt?}) 27... f6 28. Qxh7 Ne2 29. Qh8+
Kf7 30. Qh5+ Kg7 31. Qxe2 Rd7 32. Qg4+ Kh6 33. Qxd7 Kg6 1-0

[Event "Niedersachsen-ch B"]
[Site "Verden"]
[Date "2010.01.04"]
[Round "3.73"]
[White "Aden, Dagmar"]
[Black "Wallat, Jessica"]
[Result "1-0"]
[WhiteElo "1810"]
[BlackElo "1026"]
[PlyCount "115"]
[EventDate "2010.01.??"]
[EventType "swiss"]
[EventRounds "7"]
[EventCountry "GER"]
[SourceDate "2005.10.24"]

1. e4 e5 2. Bc4 Nf6 3. d4 exd4 4. e5 Qe7 5. Qe2 Ng8 6. Nf3 h6 7. Nxd4 d6 8.
exd6 Qxe2+ 9. Bxe2 Bxd6 10. Nb5 Nc6 11. Nxd6+ cxd6 12. Bf4 Nd4 13. Bd3 Nf5 14.
O-O Nge7 15. Re1 O-O 16. Bxd6 Nxd6 17. Rxe7 b6 18. Nc3 Bb7 19. Rae1 Rae8 20.
Rxe8 Rxe8 21. Rxe8+ Nxe8 22. Be4 Ba6 23. Bc6 Nd6 24. Nd5 Bc4 25. b3 Bxd5 26.
Bxd5 Nb5 27. a4 Nd4 28. Be4 Kf8 29. Kf1 Ke7 30. Ke1 Ke6 31. Kd2 Ke5 32. Ke3 f5
33. f4+ Ke6 34. Kxd4 fxe4 35. Kxe4 g6 36. g4 Kf6 37. h4 Ke6 38. b4 h5 39. gxh5
gxh5 40. c4 a6 41. f5+ Kf6 42. Kf4 Kf7 43. Kg5 Kg7 44. Kxh5 Kf6 45. Kg4 Kg7 46.
Kg5 Kf7 47. h5 Kg7 48. f6+ Kh7 49. h6 Kg8 50. Kg6 b5 51. f7+ Kf8 52. axb5 a5
53. h7 axb4 54. h8=Q+ Ke7 55. f8=Q+ Ke6 56. Qhf6+ Kd7 57. Q8e7+ Kc8 58. Qff8#
1-0

[Event "Niedersachsen-ch B"]
[Site "Verden"]
[Date "2010.01.04"]
[Round "3.74"]
[White "Marach, Jonas"]
[Black "Moeller, Hannah"]
[Result "1-0"]
[WhiteElo "1400"]
[BlackElo "912"]
[PlyCount "45"]
[EventDate "2010.01.??"]
[EventType "swiss"]
[EventRounds "7"]
[EventCountry "GER"]
[SourceDate "2005.10.24"]

1. e4 e5 2. Nf3 d6 3. h3 Be7 4. Bc4 Nf6 5. d3 O-O 6. O-O Bd7 7. Nc3 Nc6 8. Be3
Nh5 9. Nxe5 Nxe5 10. Qxh5 g6 11. Qe2 Bg5 12. f4 Bf6 13. fxe5 Bxe5 14. Bh6 Bg7
15. Bxg7 Kxg7 16. Qe3 Qh4 17. Rf4 Qg5 18. Rxf7+ Kh6 19. Rxh7+ Kxh7 20. Qxg5 Kg7
21. Qe7+ Kh8 22. Qxd7 Rac8 23. Nd5 1-0

[Event "Niedersachsen-ch B"]
[Site "Verden"]
[Date "2010.01.04"]
[Round "3.75"]
[White "Stuppenhagen, Tim"]
[Black "Menze, Gerold"]
[Result "0-1"]
[WhiteElo "1036"]
[BlackElo "1400"]
[PlyCount "146"]
[EventDate "2010.01.??"]
[EventType "swiss"]
[EventRounds "7"]
[EventCountry "GER"]
[SourceDate "2005.10.24"]

1. e4 e5 2. Nf3 f6 3. d4 d6 4. Nc3 Bg4 5. Be2 Bxf3 6. Bxf3 Ne7 7. O-O Ng6 8. d5
Nd7 9. Be3 Be7 10. Bh5 Ndf8 11. f4 exf4 12. Bxf4 c6 13. Qe2 Qc7 14. dxc6 Qxc6
15. Qb5 O-O-O 16. Bg4+ Kb8 17. Qxc6 bxc6 18. b4 Nxf4 19. Rxf4 Ng6 20. Rf2 Ne5
21. Be2 Rd7 22. Rb1 Bd8 23. Kf1 Bb6 24. Rf5 Rf8 25. b5 g6 26. bxc6 Nxc6 27.
Rfb5 f5 28. exf5 Nd4 29. Rd5 Nxf5 30. Ke1 Ne3 31. Rd3 Nxg2+ 32. Kd1 Nf4 33. Rf3
Rdf7 34. Kd2 Kc8 35. Ba6+ Kd8 36. Bc4 Rf5 37. Rbf1 g5 38. Nd5 Ba5+ 39. Kd1 Re5
40. Nxf4 Rxf4 41. Rxf4 gxf4 42. Be2 Rf5 43. Rg1 Ke7 44. Rg7+ Rf7 45. Rxf7+ Kxf7
46. c4 Ke6 47. Bd3 h6 48. Ke2 Ke5 49. Kf3 {(=)} Bd2 50. a3 Kd4 51. Be2 Kc3 52.
Kg4 Kb3 53. Kh5 Kxa3 54. Bf3 Kb4 55. Kxh6 a5 56. Kg6 a4 57. h4 a3 58. h5 a2 59.
h6 a1=Q 60. h7 Bc3 61. c5 dxc5 62. Bd5 Bh8 63. Kg5 Qe5+ 64. Kg4 Qxd5 65. Kxf4
Qh5 66. Kg3 Qg5+ 67. Kf3 Qf5+ 68. Kg3 Be5+ 69. Kg2 Qf4 70. Kg1 Qd2 71. Kf1 c4
72. Kg1 Qe2 73. Kh1 Qh2# 0-1

[Event "Niedersachsen-ch B"]
[Site "Verden"]
[Date "2010.01.04"]
[Round "3.76"]
[White "Kaphle, Kerstin"]
[Black "Asprion, Neal"]
[Result "1-0"]
[WhiteElo "1362"]
[BlackElo "772"]
[PlyCount "89"]
[EventDate "2010.01.??"]
[EventType "swiss"]
[EventRounds "7"]
[EventCountry "GER"]
[SourceDate "2005.10.24"]

1. e4 e5 2. Nf3 d6 3. d4 Nc6 4. Bb5 f6 5. c4 a6 6. Ba4 b5 7. cxb5 Nce7 8. Nc3
Ng6 9. O-O Be7 10. Nd5 Bd7 11. Qd3 Qb8 12. Nc3 Nh6 13. dxe5 dxe5 14. Rd1 Qd8
15. Qc4 Qc8 16. Bb3 Be6 17. Qxe6 Qxe6 18. Bxe6 a5 19. a4 Rc8 20. Bxc8 O-O 21.
Be6+ Kh8 22. Bxh6 gxh6 23. Nd5 Rd8 24. Nxc7 Rxd1+ 25. Rxd1 Nf4 26. Nh4 Nxe6 27.
Nxe6 Kg8 28. Nf5 Kf7 29. Nd8+ Ke8 30. Nc6 Bc5 31. Rd8+ Kf7 32. Nxh6+ Kg7 33.
Nf5+ Kf7 34. Rd7+ Ke8 35. Rxh7 Kf8 36. Nxa5 Kg8 37. Rg7+ Kf8 38. Nb7 Bb4 39. a5
Ke8 40. b6 Bf8 41. Nbd6+ Bxd6 42. Nxd6+ Kf8 43. Rf7+ Kg8 44. b7 Kh8 45. b8=R#
1-0

[Event "Niedersachsen-ch B"]
[Site "Verden"]
[Date "2010.01.04"]
[Round "3.77"]
[White "Diederichs, Hannah"]
[Black "Wagner, Dario"]
[Result "0-1"]
[WhiteElo "975"]
[BlackElo "1328"]
[PlyCount "94"]
[EventDate "2010.01.??"]
[EventType "swiss"]
[EventRounds "7"]
[EventCountry "GER"]
[SourceDate "2005.10.24"]

1. e4 c5 2. Nf3 d6 3. d4 cxd4 4. Nxd4 Nf6 5. Nc3 g6 6. Bd3 Bg7 7. O-O Ng4 8.
Nf3 Nc6 9. Nb1 O-O 10. Nbd2 Qc7 11. Rb1 Rd8 12. b3 d5 13. c4 dxe4 14. Bxe4 Nd4
15. g3 Nxf3+ 16. Bxf3 Ne5 17. Be2 Bf5 18. Ra1 Nc6 19. Qe1 Bxa1 20. Ba3 Bc3 21.
Qc1 Bxd2 22. Qa1 Qe5 23. Qxe5 Nxe5 24. Bxe7 Rd7 25. Ba3 Rad8 26. Bb2 Bd3 27.
Bxd3 Nxd3 28. Bf6 Re8 29. Rd1 Re1+ 30. Rxe1 Bxe1 31. a3 Bxf2+ 32. Kg2 Bc5 33.
Kh3 Bxa3 34. Bg5 Nc5 35. Bh6 Nxb3 36. Kh4 Na5 37. g4 Nxc4 38. h3 b5 39. Kg5
Be7+ 40. Kf4 b4 41. h4 b3 42. h5 b2 43. hxg6 hxg6 44. g5 b1=Q 45. Bf8 Qf5+ 46.
Kg3 Rd3+ 47. Kh4 Qh3# 0-1